Statistics for Most powerful militaries per Continent

Click here to take the quiz!

General Stats

  • This quiz has been taken 63 times
  • The average score is 28 of 30

Answers on the Map

Answers color-coded by a green-red scale on the quiz's map according to % correct below.
 

Answer Stats

Answer% Correct
France
100%
Mexico
100%
Russia
100%
UK
100%
Brazil
98%
Germany
98%
USA
98%
Canada
96%
China
96%
Colombia
96%
Japan
96%
Argentina
94%
Chile
94%
India
94%
Iran
94%
Israel
94%
Italy
94%
Saudi Arabia
94%
Cuba
93%
South Africa
93%
Egypt
91%
Pakistan
89%
Turkey
89%
Nigeria
87%
Peru
87%
Morocco
85%
South Korea
85%
Syria
83%
Dominican Republic
81%
Ethiopia
80%

Score Distribution

Percentile by Number Answered

Percent of People with Each Score

Your Score History

You have not taken this quiz